LEADER 01161nam a2200265 i 4500 001 000000244896 003 CaOOAMICUS 005 20150901000000.0 008 150901s1957 it u000 u ita u 013 $a223801 040 $aSeMil$bita 100 1 $aFejtö, François,$d<1909-2008>.$0(OLS)http://semarc/name/56637 240 13$aLa tragédie hongroise.$0(OLS)http://semarc/title/346733 245 10$aUngheria 1945-1957 /$cFrançois Fejtö ; Prefazione di Jean-Paul Sartre. 260 $aTorino :$bGiulio Einaudi,$ccopyr. 1957. 300 $a421 p. ;$c22 cm. 490 0 $aSaggi ;$v218 500 $aContiene : Appendice ; Cronologia dei principali avvenimenti in Ungheria dalla liberazione a oggi. 650 4$aUngheria - Sec. 20.$0(OLS)http://semarc/subject/42587 700 1 $aSartre, Jean-Paul <1905-1980>.$0(OLS)http://semarc/name/526 830 0$aSaggi ;$v218.$0(OLS)http://semarc/title/341 850 $aSeMil 852 $aSeMil$W1$xVenegono$y1$m3N V 272$j195242$B195242$CSeMilBibl$Z2$F205904 $81 996 $6245$aUngheria 1945-1957$9(OLS)http://semarc/title/346732 996 $6260$aTorino :$bGiulio Einaudi$9(OLS)http://semarc/publisher/29810 LEADER 01140nam a2200265 i 4500 001 000000070515 003 CaOOAMICUS 005 20080821000000.0 008 080821s1975 it u000 u ita u 013 $a41687 040 $aSeMil$bita 100 1 $aBachelard, Gaston,$d<1884-1942>.$0(OLS)http://semarc/name/17335 240 13$aLe rationalisme appliqué.$0(OLS)http://semarc/title/113252 245 13$aIl razionalismo applicato /$cGaston Bachelard ; [trad. di Marisa Giannuzzi Bruno e Livia Semerari]. 260 $aBari :$bDedalo Libri,$c1975. 300 $a271 p. ;$c22 cm. 490 0 $aLa scienza nuova ;$v29 650 4$aEpistemologia.$0(OLS)http://semarc/subject/312 700 1 $aSemerari, Livia.$0(OLS)http://semarc/name/35131 700 1 $aGiannuzzi Bruno, Marisa.$0(OLS)http://semarc/name/35132 830 3$aLa scienza nuova ;$v29.$0(OLS)http://semarc/title/7055 850 $aSeMil 852 $aSeMil$W1$xVenegono$y1$m2P II 418$j36668$B36668$CSeMilBibl$Z2$F36671 $81 996 $6245$aIl razionalismo applicato$9(OLS)http://semarc/title/113251 996 $6260$aBari :$bDedalo Libri$9(OLS)http://semarc/publisher/32132